Pesticide utilization on dry- season rice at angkorborey district takeo province, ការប្រើប្រាស់ថ្នាំកសិកម្មទៅលើដំណាំស្រូវប្រាំងនៅស្រុកអង្គរបុរី ខេត្តតាកែវ (Record no. 1309)
[ view plain ]
| 000 -LEADER | |
|---|---|
| fixed length control field | 00664nam a22001577a 4500 |
| 003 - CONTROL NUMBER IDENTIFIER | |
| control field | OSt |
| 005 - DATE AND TIME OF LATEST TRANSACTION | |
| control field | 20150926165454.0 |
| 008 - FIXED-LENGTH DATA ELEMENTS--GENERAL INFORMATION | |
| fixed length control field | 150926b xxu||||| |||| 00| 0 eng d |
| 040 ## - CATALOGING SOURCE | |
| Transcribing agency | RUA |
| 082 ## - DEWEY DECIMAL CLASSIFICATION NUMBER | |
| Classification number | AGR VEN 2013 B057 Or.1 |
| 100 ## - MAIN ENTRY--PERSONAL NAME | |
| 9 (RLIN) | 1395 |
| Personal name | VEN, SOPHEAKTRA. |
| 245 ## - TITLE STATEMENT | |
| Title | Pesticide utilization on dry- season rice at angkorborey district takeo province, ការប្រើប្រាស់ថ្នាំកសិកម្មទៅលើដំណាំស្រូវប្រាំងនៅស្រុកអង្គរបុរី ខេត្តតាកែវ |
| 260 ## - PUBLICATION, DISTRIBUTION, ETC. (IMPRINT) | |
| Place of publication, distribution, etc. | Phnom Penh |
| Name of publisher, distributor, etc. | RUA |
| Date of publication, distribution, etc. | 2013 |
| 300 ## - PHYSICAL DESCRIPTION | |
| Extent | xii; 46p. |
| Other physical details | ill. |
| Dimensions | 29cm. |
| 942 ## - ADDED ENTRY ELEMENTS (KOHA) | |
| Source of classification or shelving scheme | |
| Koha item type | AGR |
| Price effective from | Date last seen | Permanent Location | Not for loan | Date acquired | Source of classification or shelving scheme | Koha item type | Lost status | Withdrawn status | Date last checked out | Total Checkouts | Shelving location | Damaged status | Barcode | Current Location | Full call number |
|---|---|---|---|---|---|---|---|---|---|---|---|---|---|---|---|
| 2015-09-26 | 2018-01-08 | Library Block B | 2015-09-26 | AGR | 2017-12-08 | 2 | B057 | RUA006148 | Library Block B | AGR VEN 2013 B057 Or.1 | |||||
| 2015-09-26 | 2015-09-26 | Library Block B | 2015-09-26 | AGR | B057 | RUA006366 | Library Block B | AGR VEN 2013 B057 Or.2 | |||||||
| 2015-09-26 | 2015-09-26 | Library Block B | 2015-09-26 | AGR | B057 | RUA006289 | Library Block B | AGR VEN 2013 B057 Or.3 | |||||||
| 2015-09-26 | 2015-09-26 | Library Block B | 2015-09-26 | AGR | B057 | RUA004906 | Library Block B | AGR VEN 2013 B057 Or.4 | |||||||
| 2015-09-26 | 2015-09-26 | Library Block B | 2015-09-26 | AGR | B057 | RUA004757 | Library Block B | AGR VEN 2013 B057 Or.5 | |||||||
| 2015-09-26 | 2015-09-26 | Library Block B | 2015-09-26 | AGR | B057 | RUA004769 | Library Block B | AGR VEN 2013 B057 Or.6 | |||||||
| 2015-09-26 | 2016-02-19 | Library Block B | 2015-09-26 | AGR | 2016-01-18 | 1 | B057 | RUA004776 | Library Block B | AGR VEN 2013 B057 Or.7 | |||||
| 2015-09-26 | 2015-09-26 | Library Block B | 2015-09-26 | AGR | B057 | RUA005758 | Library Block B | AGR VEN 2013 B057 Or.8 | |||||||
| 2019-01-21 | 2025-08-08 | Library Block B | 2019-01-21 | AGR | 2025-07-04 | 2 | B1.210 | A41707 | Library Block B | AGR VEN 2013 B1.210 Or.1 |